000 00756nam a2200301Ia 4500
008 171120s9999 xx 000 0 und d
020 _a753405210
050 _a567.9
050 _bT388 1993
100 _aTheodorou, Rod
245 _aI wonder why triceratops had horns :
245 _band other questions about dinosaurs /
245 _cby Rod Theodorou.
260 _aLondon :
260 _bKingfisher,
260 _c1993
300 _a32 pages :
300 _bcolor illustrations ;
300 _c29cm.
440 _aI wonder why.
650 _aDinosaur --
650 _aDinosaurs --
650 _aQuestions and answers.
650 _xJuvenile literature.
650 _xMiscellanea.
700 _aSeries.
700 _aTitle.
999 _c344960
_d344960